| 000 | 00742nam a2200205 a 4500 | ||
|---|---|---|---|
| 001 | 000023576 | ||
| 005 | 20200930022324.0 | ||
| 008 | 101213s1941 sp r 000 0 spa d | ||
| 040 |
_aDO-SdBNP _bspa _cBNPHU |
||
| 082 |
_axxxx _bP438ob |
||
| 100 | 1 |
_aPérez Galdós, Benito _945077 |
|
| 245 | 1 | 0 |
_aObras completas / _cBenito Pérez Galdós ; introducción Federico Carlos Sainz de Robles. |
| 260 |
_aMadrid : _bM. Aguialar Editor, _c1941. |
||
| 300 |
_a1722 p. ; _c18 cm. |
||
| 490 | 1 | _aEpisodios nacionales, segunda serie (continuación) | |
| 500 | _aIncluye referencia biográfica del autor. | ||
| 700 | 1 |
_aSainz de Robles, Federico carlos _916670 |
|
| 830 | 0 |
_aEpisodios nacionales, segunda serie (continuación) _948598 |
|
| 049 | _aBNGR | ||
| 999 |
_c23072 _d23072 |
||